| 000 | 00444nam a2200169Ia 4500 | ||
|---|---|---|---|
| 003 | GCL | ||
| 008 | 140319s9999 xx 000 0 eng d | ||
| 040 |
_aGCL / _cGCL |
||
| 082 | 0 | 4 |
_a546.6815884 _bT R |
| 245 | 1 | 0 | _aRADOCARBON AFTER FOUR DECREES: AN INTERDISCIPLINARY PERSLECTUME |
| 260 |
_a[S.N] : _bABT AKVERT SKIRA S.A ، _c1992 |
||
| 300 | _a596 P | ||
| 650 | 0 | 4 | _aRADIO |
| 650 | 0 | 4 | _aRADIOGRAPHY |
| 650 | 0 | 4 | _aRADIOLOGY |
| 942 |
_2ddc _cBK |
||
| 999 |
_c13709 _d13709 |
||